El diseño como actitud.

Uloženo v:
Podrobná bibliografie
Hlavní autor: Rawsthom, Alice (autora)
Další autoři: Giménez, Darío (traducción)
Médium: Neznámo
Jazyk:angličtina
Vydáno: Barcelona, España: Gustavo Gili, 2021.
Témata:
Tagy: Přidat tag
Žádné tagy, Buďte první, kdo vytvoří štítek k tomuto záznamu!

MARC

LEADER 00000 a2200000 4500
003 CL-VaPUC
005 20231130122921.0
008 231122t2021 ||||| |||| 00| 0 eng d
999 |c 441951  |d 441949 
020 |a 978-84-252-3302-9 
040 |c Pontificia Universidad Católica de Valparaíso 
082 |2 22  |a 745.2 RAW 2021 
100 |a Rawsthom, Alice  |9 884864  |e autora 
245 |a El diseño como actitud.  
260 |a Barcelona, España:  |b Gustavo Gili,  |c 2021. 
300 |a 205 páginas. 
583 |k GC  |c 20231122 
650 0 |9 484552  |a Diseño de objetos  |x Aspectos tecnológicos y medioambientales  |x Inteligencia artificial   |z África   
700 |a Giménez, Darío   |9 886108  |e traducción 
942 |2 ddc  |c BK 
952 |0 0  |1 0  |2 ddc  |4 0  |6 745_200000000000000_RAW_2021  |7 0  |8 A  |9 592587  |a BIBARQ  |b BIBARQ  |c GEN  |d 2023-11-20  |e 3  |g 21937.00  |i 5659593  |l 2  |m 3  |o 745.2 RAW 2021  |p 5659593  |q 2025-07-18  |r 2024-06-06  |s 2024-06-06  |t 1  |v 21937.00  |w 2023-11-20  |y BK  |k ARQ